| 000 | 00934nam0a22002531 4500 | ||
|---|---|---|---|
| 001 | v19\rc\1326638 | ||
| 005 | 20260407113931.0 | ||
| 035 | _a(NLR Aleph) 004479174 | ||
| 090 |
_a4597443 _c4597443 |
||
| 100 | _a20060512d1842 |||y0rusy50 ca | ||
| 101 | 0 | _arus | |
| 102 | _aRU | ||
| 105 | _ay z ||||| | ||
| 200 | 1 | _aО Российском обществе страхования капиталов и доходов и о цели такого рода страхования | |
| 210 |
_a[Москва] _dценз. 1842 |
||
| 215 | _a7 с. | ||
| 710 | 0 | 2 |
_a"Жизнь", страховое общество _cПетербург _3RU\NLR\AUTH\889945512 _9386445 |
| 712 | 0 | 2 |
_a"Жизнь", страховое общество _cПетербург _3RU\NLR\AUTH\889945440 _9386293 |
| 801 | 0 |
_aRU _bNLR _gpsbo |
|
| 801 | 0 |
_aRU _bRuMoRGB _2psbo |
|
| 801 | 1 |
_aRU _bProSoft-M _2rusmarc |
|
| 852 |
_aNLR _j18.73.1.287 |
||
| 942 | _cBOOK | ||
| 980 | _aNB | ||